[Event "Teplice Open 2017"]
[Site "Teplice"]
[Date "2017.06.10"]
[Round "1"]
[White "Milikow, Yoav"]
[Black "Dragun, Kamil"]
[Result "0-1"]
[WhiteElo "2057"]
[BlackElo "2614"]
[Annotator "TA"]
[PlyCount "120"]
[EventDate "2017.??.??"]
[EventCountry "CZE"]
[SourceTitle "playchess.com"]
[Source "ChessBase"]
[SourceQuality "1"]

{[%evp 13,120,-6,-3,1,19,-9,-13,-3,-5,-17,0,-26,-21,-32,-29,-25,-17,-28,-23,-38,-37,-54,-50,-74,-38,-40,-19,-29,-18,-33,-43,-20,0,-5,0,0,0,0,0,0,0,0,0,0,0,0,21,6,51,57,45,0,2,0,0,0,0,-4,-7,-43,-41,-41,-39,-35,-33,-40,-42,-120,-113,-141,-86,-200,-205,-195,-200,-188,-178,-272,-281,-279,-271,-258,-266,-291,-287,-300,-306,-444,-432,-402,-408,-450,-440,-514,-509,-572,-556,-594,-592,-604,-593,-12838,-922,-869,-874,-925,-925,-6532,-1968]} 1. d4 Nf6 2. c4 e6 3. Nc3 Bb4 4. e3 O-O 5. Nge2 Re8 6. a3 Bf8 7. Ng3 d5 8. Be2 {E46: Nimzo-Indian: Rubinstein: 4 e3 0-0 5 Ne2 without early Bd3} dxc4 9. Bxc4 c5 10. O-O {The position is equal.} cxd4 11. exd4 Nbd7 {[%cal Bb8d7,Bd7b6,Bb6d5][%mdl 32]} 12. Re1 $146 ({Predecessor:} 12. Ba2 Nb6 13. Bg5 h6 14. Bxf6 Qxf6 15. Nge4 Qg6 {0-1 (65) Hambleton,A (2441)-Hammer,J (2628) chess.com INT 2017}) 12... Nb6 13. Bb3 Bd7 14. Qd3 Bc6 15. Bg5 h6 16. Bd2 Nbd5 17. Bc2 g6 18. h4 Nxc3 19. bxc3 Qd5 {[%csl Gc6][%cal Rd5g2]} 20. f3 Bb5 21. Qe3 {[#]} e5 $1 {[%mdl 512] Hoping for ...exd4.} 22. Ne4 (22. dxe5 Bc5) 22... Nxe4 23. fxe4 Qc4 {White must now prevent ...exd4.} 24. Rab1 exd4 25. cxd4 Rad8 {Strongly threatening ...a6.} 26. Bc3 Rc8 27. Ba1 $1 Qxc2 28. Rxb5 b6 29. h5 Qc6 (29... Qa4 $5 {[%cal Ra4b5]} 30. Rb3 g5 $11) 30. a4 a6 31. Rbb1 gxh5 32. d5 Qc5 33. Kh1 {And now Qg3+ would win.} Qxe3 34. Rxe3 Rc4 $36 {[%mdl 2048] Black fights for an advantage.} 35. Rg3+ Kh7 36. Rf1 f6 37. e5 Rh4+ ({Not} 37... fxe5 $2 38. Rf7+ Kh8 {[#]} 39. Rxf8+ $1 {[%mdl 512]} Rxf8 40. Bxe5+ Kh7 41. Rg7+ Kh8 42. Rg4+ Kh7 43. Rxc4 $18) 38. Rh3 Rxh3+ 39. gxh3 fxe5 $15 {[%mdl 4096] Endgame KRB-KRB} 40. Kg2 ({White should play} 40. Rf6 $15) 40... Bc5 $17 41. Rd1 {intending d6.} e4 (41... Kg6 $142 {aiming for ...Kf5.} 42. d6 Kf5) 42. d6 (42. Bd4 $17 {might work better.}) 42... Rg8+ $19 43. Kh2 e3 44. d7 Rd8 {Threatens to win with ...Bb4.} 45. Bf6 (45. Kg2 {was necessary.}) 45... e2 46. Re1 Rxd7 47. Rxe2 Kg6 48. Bb2 Rd3 49. Kg2 h4 50. Bc1 (50. Be5 {was called for.}) 50... Rg3+ 51. Kh2 Rc3 52. Bf4 Kf5 {Black is clearly winning.} 53. Bb8 Rc4 54. Re5+ Kf6 55. Rh5 Kg6 56. Rd5 Rxa4 57. Ba7 Rb4 58. Kg2 a5 {[%cal Ba6a5,Ba5a4,Ba4a3][%mdl 32]} 59. Kf1 a4 60. Ke2 a3 {Precision: White = 41%, Black = 69%.} 0-1

[Event "Teplice Open 2017"]
[Site "Teplice"]
[Date "2017.06.10"]
[Round "1"]
[White "Stanescu, Christian"]
[Black "Sengupta, Deep"]
[Result "0-1"]
[WhiteElo "2051"]
[BlackElo "2594"]
[Annotator "TA"]
[PlyCount "82"]
[EventDate "2017.??.??"]
[EventCountry "CZE"]
[SourceTitle "playchess.com"]
[Source "ChessBase"]
[SourceQuality "1"]

{[%evp 11,82,-53,-47,-50,-34,-65,-49,-79,-28,-46,-22,-28,-32,-41,-27,-10,-18,-47,0,0,0,-18,-25,-18,-28,-17,-33,-207,-208,-200,-204,-230,-209,-242,-252,-237,-208,-210,-201,-207,-193,-210,-201,-201,-195,-197,-181,-209,-205,-217,-201,-217,-200,-209,-203,-258,-243,-370,-366,-368,-352,-489,-476,-481,-486,-588,-489,-1011,-1026,-1012,-1000,-964,-938]} 1. c4 Nf6 2. g3 c6 3. Bg2 d5 4. Nf3 dxc4 5. Na3 b5 6. b3 {A11: English Opening: 1...c6} cxb3 {LiveBook: 5 Games} 7. axb3 Bb7 8. Bb2 {Black is slightly better.} e6 9. Qc2 $146 ({Predecessor:} 9. O-O Be7 10. Qc2 a6 11. Ne5 O-O 12. Rfc1 Qb6 13. d4 Rc8 {1-0 (57) Vaganian,R (2640)-Rodriguez Cespedes,A (2505) Moscow 1985}) 9... Na6 ({Better is} 9... Qb6 $17) 10. O-O Nb4 11. Qb1 Qb6 12. Nc2 Nxc2 13. Qxc2 c5 14. d4 Rc8 15. Qd2 c4 $36 {[%mdl 2048] White is under pressure.} 16. Rfc1 Ne4 {[%cal Bf6e4,Be4d6,Bd6f5][%mdl 32]} 17. Qe3 {Black should prevent Ne5.} Bb4 {With the idea ...c3.} 18. bxc4 bxc4 {[%cal Bb5c4,Bc4c3][%mdl 32] Threatens to win with ...c3.} 19. Rc2 $2 (19. Ba3 $15 a5 20. Ne5) 19... c3 $19 20. Bc1 {[#]} Nd6 $1 21. Qf4 O-O 22. Ne5 Bxg2 23. Kxg2 Nf5 24. e3 a5 25. Qe4 {If White can now play Nd7 this consolidates a bit.} Rc7 26. f3 Nd6 27. Qd3 Rd8 28. Qe2 Rdc8 29. g4 Nc4 30. Nd3 Qd6 31. Raa2 e5 32. dxe5 Nxe5 33. Nxe5 Qxe5 34. e4 (34. Qd3 $142) 34... Rd7 35. Be3 h5 36. gxh5 Qxh5 {Black is clearly winning.} 37. Ra1 Rcd8 38. Kh1 Rd3 39. Qf2 (39. Rf1 $142 Bc5 40. Bf4) 39... Rd1+ 40. Rxd1 Rxd1+ 41. Kg2 a4 {Precision: White = 40%, Black = 74%.} 0-1

[Event "Teplice Open 2017"]
[Site "Teplice"]
[Date "2017.06.10"]
[Round "1"]
[White "Stastny, Petr"]
[Black "Stocek, Jiri"]
[Result "0-1"]
[WhiteElo "2044"]
[BlackElo "2585"]
[Annotator "TA"]
[PlyCount "56"]
[EventDate "2017.??.??"]
[EventCountry "CZE"]
[SourceTitle "playchess.com"]
[Source "ChessBase"]
[SourceQuality "1"]

{[%evp 9,56,10,32,19,29,17,21,7,5,-11,-16,-25,-22,-28,-22,-30,-30,-30,-30,-30,-33,-54,-50,-46,-53,-80,-80,-80,-80,-80,-80,-80,-80,-80,-80,-80,-80,-130,-108,-202,-207,-177,-193,-421,-410,-370,-341,-466,-374]} 1. d4 Nf6 2. c4 e6 3. Nf3 Bb4+ 4. Bd2 a5 5. e3 d6 {[%cal Bd7d6,Bd6e5][%mdl 32]} (5... Nc6 6. Bd3 d6 7. a3 Bxd2+ 8. Nbxd2 {½-½ (8) Epishin,V (2557)-Dgebuadze,A (2511) Ghent 2016}) 6. a3 {E11: Bogo-Indian} Bxd2+ 7. Nbxd2 Qe7 8. Bd3 {The position is equal.} e5 {Strongly threatening ...e4.} 9. dxe5 dxe5 {Hoping for ...e4.} 10. Qc2 Nbd7 11. O-O a4 12. Ne4 Nxe4 13. Bxe4 g6 14. Qc3 O-O 15. Qb4 $146 Nc5 16. Rad1 {[#] And now Rd5 would win.} Re8 17. Bc2 Bg4 18. Rd5 Bxf3 $1 19. gxf3 b6 20. Qc3 Qg5+ 21. Kh1 Qh5 22. Bd1 Rad8 23. Qd2 Qh4 24. Rg1 (24. Be2 $17) 24... c6 $40 {[%mdl 128] Black wants a kill.} 25. Rxd8 Rxd8 26. Qc2 $2 {[#]} (26. Qe2 {is the only way for White.}) 26... Nb3 27. Rg4 Qh3 28. Kg1 Nd2 {Precision: White = 32%, Black = 87%.} 0-1

[Event "Teplice Open 2017"]
[Site "Teplice"]
[Date "2017.06.10"]
[Round "1"]
[White "Mohapl, Petr"]
[Black "Stefansson, Hannes"]
[Result "0-1"]
[WhiteElo "2040"]
[BlackElo "2548"]
[Annotator "TA"]
[PlyCount "73"]
[EventDate "2017.??.??"]
[EventCountry "CZE"]
[SourceTitle "playchess.com"]
[Source "ChessBase"]
[SourceQuality "1"]

{[%evp 21,73,12,10,-56,21,-57,23,41,44,7,7,8,37,11,22,-67,-47,-91,-91,-100,-94,-92,-101,-101,-103,-157,-164,-183,-179,-172,-157,-158,-115,-231,-223,-284,-284,-314,-287,-303,-332,-338,-336,-411,-408,-437,-433,-433,-414,-414,-407,-496,-481,-1641]} 1. d4 Nf6 2. c4 e6 3. Nc3 Bb4 4. e3 d5 5. Nf3 O-O 6. Bd3 c5 7. O-O Nc6 8. a3 Bxc3 9. bxc3 Qc7 10. Qe2 dxc4 11. Bxc4 e5 12. d5 {E59: Nimzo-Indian: Rubinstein: Main Line: 7...Nc6 8 a3 Bxc3 9 bxc3 dxc4} (12. Nxe5 $11 Nxe5 13. dxe5 Qxe5 14. Rd1) (12. h3 Bf5 13. Bb2 Rad8 14. Bb5 e4 15. Bxc6 Qxc6 16. Ne5 Qc7 17. Qb5 b6 18. c4 Ne8 19. dxc5 bxc5 {0-1 (36) Ben Artzi,I (2399)-Romanov,E (2641) Zalakaros 2016}) 12... Na5 (12... e4 $1 $15 13. dxc6 Ng4) 13. Ba2 (13. e4 $11) 13... Ne4 $146 (13... e4 $1 $15 14. Nd2 Qe5) ({Predecessor:} 13... e4 14. Nd2 Bg4 15. f3 exf3 16. gxf3 Bh3 17. c4 Qe5 18. Rb1 Rae8 19. Re1 Qg5+ {0-1 (39) Garabetyan,A (2037)-Czopor,M (2075) Marianske Lazne 2017}) 14. Qc2 $11 {White has an edge.} Nd6 15. c4 Bf5 16. Qc3 Rfe8 17. Nd2 b5 18. f4 (18. Re1 $11) 18... bxc4 {Strongly threatening ...Bd3.} 19. Nxc4 Naxc4 20. Bxc4 Ne4 21. Qe1 exf4 22. Rxf4 Qe5 $36 {[%mdl 2048] Black has strong initiative.} 23. Ra2 ({White should try} 23. Bb2 Qxb2 24. Rxf5) 23... Rab8 24. Qf1 Nd6 25. Bd3 {[%cal Rd3f5]} Bxd3 26. Qxd3 c4 {[%cal Bc5c4,Bc4c3][%mdl 32]} 27. Qc2 (27. Qd4 $17 {was worth a try.}) 27... Ne4 28. Rb2 Rxb2 29. Qxb2 Qxd5 30. Qb4 a5 31. Qb6 c3 32. Qc7 h6 33. a4 f5 34. Rf1 Nd2 35. Re1 Qd3 36. Qf4 Nb3 37. Qc7 {Precision: White = 25%, Black = 68%.} (37. Ba3 $142 Nd4 38. Qf1 Rxe3 39. Qxd3 Rxd3 40. Re8+ Kf7 41. Re7+ Kg6 42. Rc7) 0-1

[Event "Teplice Open 2017"]
[Site "Teplice"]
[Date "2017.06.10"]
[Round "1"]
[White "Chmelik, Jiri"]
[Black "Cernousek, Lukas"]
[Result "0-1"]
[WhiteElo "2006"]
[BlackElo "2464"]
[Annotator "TA"]
[PlyCount "56"]
[EventDate "2017.??.??"]
[EventCountry "CZE"]
[SourceTitle "playchess.com"]
[Source "ChessBase"]
[SourceQuality "1"]

{[%evp 14,56,13,-20,-12,-15,-10,-4,-8,-122,-33,-49,-40,-62,-49,-161,-52,-142,-60,-61,-25,-106,-62,-86,-80,-81,-59,-42,-54,-98,-98,-95,-83,-97,-62,-132,-124,-140,-137,-276,0,-284,-291,-371,-367]} 1. d4 Nf6 2. c4 c5 3. e3 cxd4 4. exd4 d5 5. Nf3 Nc6 6. Nc3 Bg4 7. Be3 e6 8. Qb3 Bxf3 {B13: Caro-Kann: Exchange Variation and Panov-Botvinnik Attack} 9. gxf3 {Strongly threatening cxd5.} (9. Qxb7 Nb4 $17) 9... Qd7 10. cxd5 Nxd5 {The position is equal.} 11. Be2 $146 (11. Nxd5 $11 exd5 12. Be2) ({Predecessor:} 11. a3 Nxc3 12. Qxc3 Be7 13. Rd1 Bf6 14. Rg1 O-O 15. h4 Rac8 16. Qd3 {½-½ (25) Siembab,B (2262)-Szczerbak,J (2087) Zamosc 2013}) 11... Be7 (11... Bb4 $17 12. a3 Na5) 12. O-O O-O 13. Rfd1 Rfd8 {[%cal Bf8d8,Bd8d6,Bd6f6][%mdl 32]} 14. Rd2 (14. Nxd5 $15 Qxd5 15. Qxd5 Rxd5 16. Bd3) 14... Rac8 ({Better is} 14... Bb4 $1 $19 {White must now prevent ...Na5.} 15. a3 Bxc3 16. bxc3 Na5) 15. Qd1 (15. Nxd5 $15 exd5 16. Bf1) 15... Qc7 (15... Bb4 $17 16. Rc2 Nde7) 16. Nxd5 $15 exd5 (16... Rxd5 {feels hotter.} 17. f4 Rcd8 18. Bf3 R5d6 19. Rc1 Qd7) 17. Rc2 (17. f4 $1 $11) 17... Rd6 18. Bd3 Qd7 19. Bf4 Rf6 20. Bg5 Re6 $36 {[%mdl 2048] Black has good play.} 21. Bf4 Bd6 ({Of course not} 21... Nxd4 $6 22. Rxc8+ Qxc8 23. Be3 $11) 22. Bg3 {White wants to play Bf5.} Rh6 23. Bf1 f5 {[%cal Bf7f5,Bf5f4][%mdl 32] And now ...f4 would win.} 24. Be5 (24. f4 $1 $15) 24... Bxe5 $17 25. dxe5 {[#]} f4 $1 26. Rc5 {[#]} Rd8 $2 ({Weaker is} 26... Nxe5 27. Rxc8+ Qxc8 28. Qxd5+ Qe6 29. Qxb7 $16) ({Black should play} 26... Qe7 $1 $19 {[%cal Re7c5]} 27. Qxd5+ Kh8) 27. Qd2 $2 {[%mdl 8192]} (27. Rxd5 $11 Rg6+ 28. Kh1 Qxd5 29. Qxd5+ Rxd5 30. Bc4) 27... Nxe5 $19 28. Qxf4 Qd6 {Precision: White = 30%, Black = 38%.} 0-1

[Event "Teplice Open 2017"]
[Site "Teplice"]
[Date "2017.06.10"]
[Round "1"]
[White "Cerny, David"]
[Black "Nagy, Gabor"]
[Result "1-0"]
[WhiteElo "1990"]
[BlackElo "2447"]
[Annotator "TA"]
[PlyCount "61"]
[EventDate "2017.??.??"]
[EventCountry "CZE"]
[SourceTitle "playchess.com"]
[Source "ChessBase"]
[SourceQuality "1"]

{[%evp 17,61,0,10,-7,-10,-13,-10,-4,-2,-19,-24,-24,-20,-20,2,-36,17,-37,-28,-31,12,0,51,42,90,55,118,118,117,105,133,135,150,107,211,212,363,359,346,356,1221,1265,29996,29991,29997,791]} 1. e4 c5 2. Nf3 e6 3. d4 cxd4 4. Nxd4 Nf6 5. Nc3 Qb6 6. Nb3 Bb4 {B40: Sicilian: 2...e6, Unusual lines} 7. Bd3 d6 8. O-O Bxc3 9. bxc3 O-O {LiveBook: 10 Games} 10. c4 (10. Kh1 e5 11. f4 Nbd7 12. Ba3 Re8 13. Qe1 Qc7 14. Rd1 {½-½ (55) Adhiban,B (2608)-Rahman,Z (2486) Kolkata 2014}) 10... e5 11. Be3 Qc6 12. c5 b6 $146 {[%cal Rd6c5]} ({Predecessor:} 12... dxc5 13. Bxc5 Rd8 14. Qe2 {1-0 (52) Burijovich,L (2196)-Herrera,L (2075) Cordoba 2003}) 13. cxb6 axb6 14. f3 Be6 15. Qe2 Nbd7 16. Rfd1 (16. Bb5 $5 {[%cal Rb5c6]} Qc3 17. Rfd1 $11) 16... Rfc8 ({Black should play} 16... d5 $15) 17. Bb5 ({Better is} 17. Ba6 $11) 17... Qc7 18. Rd2 Nf8 19. c4 Rd8 (19... Bxc4 $11 20. Qxc4 Qxc4 21. Bxc4 Rxc4) 20. Rad1 Rab8 21. Na1 {[%cal Bb3a1,Ba1c2,Bc2b4,Bb4d5,Bd5e7][%mdl 32]} Rbc8 (21... Ne8 $14) 22. a4 $16 h5 {[%cal Re6c4]} 23. Nc2 N6d7 {[%cal Re6c4]} 24. Nb4 {Black must now prevent Nc6.} ({Don't do} 24. Rxd6 Bxc4 25. Bxc4 Qxc4 $14) 24... Bxc4 25. Qf2 Bxb5 (25... Bb3 $16) 26. Nd5 $18 ({Much less strong is} 26. axb5 $6 Nc5 $16) 26... Qb8 $2 (26... Qc4 {was called for.}) 27. Ne7+ ({Weaker is} 27. axb5 Ng6 $16) 27... Kh7 28. axb5 Nc5 $2 (28... d5 29. Nxc8 Rxc8 30. Rxd5 Qa7) 29. Qh4 {[%cal Rh4h5] [#]} g6 30. Qg5 {[%csl Ge3][%cal Rg5h6]} Kh8 31. Qf6+ {Precision: White = 51%, Black = 28%.} 1-0